| 000 | 00607cab a2200205 4500 | ||
|---|---|---|---|
| 001 | ABS39487 | ||
| 008 | 090401t1988 xxu||||| |||| 00| 0 eng d | ||
| 035 | _a(Sirsi) u17103 | ||
| 041 | _aeng | ||
| 100 | _aHancock, M. | ||
| 245 | _aBurn out the QS | ||
| 260 | _c1988 | ||
| 350 | _a0 | ||
| 490 |
_aChartered Quantity Surveyor _v10(11) July 1988, 18-19(2) |
||
| 520 | _aAn examination of the risks attendant on a high-flying career, the symptoms of stress to watch out for and ways of combating them. | ||
| 650 | _aHIGH FLYERS | ||
| 690 | _aECONOMIC AND SOCIAL | ||
| 942 | _n0 | ||
| 948 | _c04/03/1997 | ||
| 999 |
_c11335 _d11335 |
||